000 01294nam a22003374a 4500
001 ebr10103570
003 CaPaEBR
006 m u
007 cr cn|||||||||
008 041028s2005 nyu sb 001 0 eng
010 _z 2004061706
020 _z019516878X (alk. paper)
040 _aCaPaEBR
_cCaPaEBR
035 _a(OCoLC)61342184
050 1 4 _aHV40
_b.S6178 2005eb
082 0 4 _a361.3/2
_222
245 0 0 _aSocial work diagnosis in contemporary practice
_h[electronic resource] /
_cedited by Francis J. Turner.
260 _aNew York, N.Y. :
_bOxford University Press,
_c2005.
300 _axix, 826 p.
504 _aIncludes bibliographical references and indexes.
533 _aElectronic reproduction.
_bPalo Alto, Calif. :
_cebrary,
_d2013.
_nAvailable via World Wide Web.
_nAccess may be limited to ebrary affiliated libraries.
650 0 _aSocial service.
650 0 _aSocial case work.
650 0 _aCounselor and client.
650 0 _aPsychiatric social work.
650 0 _aMedical social work.
655 7 _aElectronic books.
_2local
700 1 _aTurner, Francis J.
_q(Francis Joseph)
710 2 _aebrary, Inc.
856 4 0 _uhttp://site.ebrary.com/lib/rucke/Doc?id=10103570
_zAn electronic book accessible through the World Wide Web; click to view
999 _c102024
_d102024